Culture Générale - Série 712 - Statistiques

Statistiques générales
  • Ce quiz a été pris 151 fois
  • Le résultat moyen est 5 sur 10
Statistiques - réponses
Question Réponse % Correct
En quoi le carrosse de Cendrillon se transforme-t-il après minuit dans le conte de Charles Perrault ? citrouille
96%
Comment appelle-t-on les habitants de l'État du Guatemala ? Guatémaltèques
81%
Quel fruit à coque, réputé dans le Périgord, donne son nom au muscle comestible blanc, de la coquille Saint-Jacques ? noix
80%
À quelle maison de Poudlard appartient Drago Malefoy, dans les aventures de Harry Potter ? Serpentard
63%
Combien de lustres font un siècle ? 20
60%
Quel nom portait l'ancien département qui fut, en 1964, divisé en trois nouveaux départements : l'Essonne, le Vald'Oise et les Yvelines ? Seine-et-Oise
29%
Quelle est la langue officielle de l'État de Brunei ? malais
25%
Quel chanteur britannique interprète le tube "It's Not Unusual" en 1965 ? Tom Jones
22%
Complétez le titre du roman de Soljenitsyne "Le pavillon des ... cancéreux
16%
Qui a animé le premier l'émission "Les Quat'z amis", entouré de Toucancan, Pousse-Moussu et Belle-Belle ? Fabrice
8%
Aucun quiz correspondant
Distribution des résultats
% des personnes avec chaque résultat
Percentile par nombre de réponses
Votre historique - résultats
Vous n’avez pas pris ce quiz